000 01129nam a2200337 i 4500
003 EG-GICUC
005 20260504165422.0
008 260504t1961 fr ||||fr|||| 000 0 Fre d
040 _a EG-GICUC
_bfre
_c EG-GICUC
_d EG-GICUC
_erda
041 0 _afre
082 0 4 _221
_a245
_bMA . I
092 0 4 _221
099 _aLaw1 07 245 MA . I [1961]
100 1 _aMaranini.G.
_eAuteur
245 1 3 _aL'italie /
_cPar G. Maranini ؛ Traduction J. De Lanversin ؛ Préface De Georges Burdeau
264 1 _aParis :
_bLibrairie Générale De Droit Et De Jurisprudence,
_c[1961].
300 _a170 Pages ;
_c22 cm
336 _2rda content
_atext
337 _2rda media
_aComputer
338 _2rda carrier
_aOnline Resource
490 0 _a"Comment Ils Sont Gouvernés"
504 _aComprend des références bibliographiques.
546 _aTexte en français
650 1 _2Droit administratif
651 1 _2qrmak
700 1 _a De Lanversin.J.
_eTraducteur
_q
700 1 _aBurdeau, De Georges
_ePréfacier
856 4 0 _uhttps://fll.law.cu.edu.eg/fulltext/bks/B07-05494.pdf
905 _a62
942 _2ddc
_cBK
_e21
_n0
999 _c75529
_d75529